[Event "35th European Club Cup 2019"]
[Site "Ulcinj"]
[Date "2019.11.14"]
[Round "5.8"]
[White "Makolli, Perparim"]
[Black "Sprenger, Jan Michael"]
[Result "1/2-1/2"]
[WhiteElo "2241"]
[BlackElo "2492"]
[Annotator "TA"]
[PlyCount "108"]
[EventDate "2019.11.10"]
[EventType "team-tourn"]
[EventCountry "MNE"]
[SourceTitle "playchess.com"]
[Source "ChessBase"]
[SourceQuality "1"]
[WhiteTeam "Drejtesia"]
[BlackTeam "LSG IntelliMagic"]

{[%evp 11,108,18,9,0,10,-4,-7,-23,0,-33,-8,-15,0,1,10,21,11,0,9,0,12,11,18,0,0,0,0,0,0,0,0,0,0,0,0,-24,0,0,-6,-19,-9,-9,-8,-8,-9,-13,11,0,0,0,95,58,66,56,65,39,45,42,44,49,37,43,103,100,95,77,115,110,110,86,147,147,147,147,146,33,35,45,47,0,0,0,0,0,0,0,0,0,0,0,0,0,0,0,0,0,0,0,0]} 1. e4 c5 2. Nf3 d6 3. d4 cxd4 4. Nxd4 Nf6 5. Nc3 a6 6. h3 e5 7. Nf3 {B90: Sicilian Najdorf: Unusual White 6th moves, 6 Be3 Ng4 and 6 Be3 e5} (7. Nde2 h5 8. g3 Nbd7 9. Bg2 b5 10. O-O Bb7 11. a4 b4 12. Nd5 Nxd5 13. exd5 Be7 14. a5 Rb8 15. Bd2 {1-0 (36) Wei,Y (2721)-Vachier Lagrave,M (2774) chess.com INT 2019}) 7... Be7 8. Bg5 Nbd7 9. Bc4 O-O (9... b5 {looks sharper.} 10. Bb3 Bb7 11. Nd2 b4 12. Nd5 Nxd5 13. Bxd5 Bxd5 14. Bxe7 Qxe7 15. exd5 O-O) 10. O-O b5 11. Bb3 Rb8 $146 ({Predecessor:} 11... Bb7 12. Rc1 Nc5 13. Bxf6 Bxf6 14. Bd5 g6 15. b4 Bxd5 16. Qxd5 {½-½ (24) Operman,D-Gawlowski,R (1934) Poland 2011}) 12. Qe2 Nc5 13. Bxf6 Bxf6 14. Nd5 a5 15. c3 Ba6 (15... Be6 {is more complex.} 16. Rfd1 Be7 17. Qe3 a4 18. Bc2 Qd7) 16. Rfd1 a4 17. Nxf6+ Qxf6 18. Bd5 b4 19. c4 Bb7 20. Bxb7 Rxb7 21. Rd5 Rc8 22. Rad1 Rb6 23. Qe3 Rbc6 24. b3 h6 25. Ne1 Qf4 26. Qxf4 exf4 27. f3 axb3 28. axb3 Rb8 29. Rb1 Ra8 30. Nc2 Rb8 (30... Nxb3 $1 $11 31. Nxb4 (31. Rxb3 Rxc4 32. Nxb4 Rb8 $11) 31... Rxc4) 31. Nd4 Ra6 32. Nb5 Nb7 33. Rbd1 {[%cal Rb5d6]} Ra2 $1 34. Nd4 {Threatens to win with Rb5.} Rba8 35. Nc6 $36 {[%mdl 2048] White has good play.} Rb2 {[#] Strongly threatening ...Raa2.} 36. Nxb4 Ra3 (36... Rxb3 $14 37. Rb5 Nc5) 37. Nd3 $16 Rbxb3 38. Nxf4 Ra2 39. h4 Rbb2 40. Rb5 Na5 (40... Rxb5 $142 41. cxb5 Rb2) 41. Rxd6 Nxc4 42. Rd8+ Kh7 43. Rc5 ({White should try} 43. Rxb2 $16 {Threatening mate with Rbb8.} Rxb2 44. h5) 43... Nd2 $1 $14 {[%cal Rd2f3] [#] ( -> ...Nxf3+!)} 44. Rd3 Nf1 $1 45. Rdc3 Ng3 {The position is equal.} 46. Kh2 Ne2 $1 {[%cal Re2f4]} 47. Nxe2 Rxe2 $11 {[%mdl 4096] Endgame KRR-KRR} 48. Kg3 Rxg2+ 49. Kf4 Rh2 50. h5 Rh4+ 51. Kg3 Rah2 52. Rf5 f6 53. Rcc5 R4h3+ 54. Kf4 Rg2 {Accuracy: White = 57%, Black = 50%.} 1/2-1/2

[Event "35th European Club Cup 2019"]
[Site "Ulcinj"]
[Date "2019.11.14"]
[Round "5.9"]
[White "Grachev, Boris"]
[Black "Florstedt, Johannes"]
[Result "1-0"]
[WhiteElo "2608"]
[BlackElo "2352"]
[Annotator "TA"]
[PlyCount "99"]
[EventDate "2019.11.10"]
[EventType "team-tourn"]
[EventCountry "MNE"]
[SourceTitle "playchess.com"]
[Source "ChessBase"]
[SourceQuality "1"]
[WhiteTeam "Moscow Chess Team"]
[BlackTeam "Berlin"]

{[%evp 10,99,13,16,14,15,19,9,14,11,11,6,12,14,13,6,13,0,0,5,19,26,26,23,23,20,24,16,31,14,13,8,14,9,16,12,2,13,12,10,14,0,17,18,27,0,16,8,23,20,32,32,52,32,57,63,107,123,306,306,304,275,590,601,615,608,543,443,429,436,376,301,301,294,302,315,350,351,485,470,450,439,748,504,480,476,806,779,29994,29995,29998,29999]} 1. Nf3 Nf6 2. g3 g6 3. b3 Bg7 4. Bb2 O-O 5. Bg2 d5 6. c4 Nc6 {A05: Réti Opening: 1 Nf3 Nf6} 7. cxd5 Nxd5 8. Bxg7 Kxg7 {The position is equal.} 9. d4 Bg4 (9... Bf5 10. O-O Ndb4 11. Na3 a5 12. Qc1 Be4 13. Rd1 e6 14. Qb2 {0-1 (33) Grischuk,A (2767)-Morozevich,A (2665) Moscow 2018}) 10. O-O Qd6 11. e4 Ndb4 12. d5 Ne5 13. Nbd2 c6 14. Nc4 Nxc4 $146 (14... Nxf3+ {feels hotter.} 15. Bxf3 Bxf3 16. Qxf3 Qf6 17. Qxf6+ Kxf6 18. e5+ Kg7) ({Predecessor:} 14... Bxf3 15. Bxf3 Nxf3+ 16. Qxf3 {½-½ (27) Sachse,S (2455)-Koestner,W (2362) Remote email 2013}) 15. bxc4 {Black must now prevent Qd4+.} e5 16. Qb3 {c5! is the strong threat.} Bxf3 17. Bxf3 b6 18. Qa3 cxd5 19. cxd5 Qe7 20. Qb3 {next Be2 is good for White.} Rac8 21. Rac1 {Hoping for Be2.} Na6 22. Be2 Rxc1 23. Rxc1 Nc5 {[%mdl 64] [#] Double Attack} 24. Qe3 Qd7 25. Rc4 f6 26. h4 h5 27. Rb4 Qd6 28. Rb1 Qd7 29. Bb5 Qg4 30. Rc1 Rf7 ({Avoid the trap} 30... Nxe4 $2 31. Be2 $18) ({Don't go for} 30... Qxe4 $2 31. Rxc5 Qxe3 32. Rc7+ Rf7 33. Rxf7+ (33. fxe3 $2 {is the wrong capture.} Rxc7 34. Bc6 e4 $19) 33... Kg8 34. fxe3 $18) 31. Re1 Rc7 32. Kh2 $36 {[%mdl 2048] White is more active.} Nb7 {[#]} 33. Qa3 $1 {[%cal Ra3a7]} Nc5 $2 (33... a5 $16 {was necessary.}) 34. d6 $18 Rf7 35. Bc4 Rf8 $2 (35... Qd7 36. Bxf7 Kxf7) 36. Qxa7+ {[%mdl 64] Double Attack} Kh6 37. Qxb6 Rc8 38. d7 Qxd7 {Black wants to play ...Qd4.} 39. Qxf6 Qg7 40. Qxg7+ Kxg7 {[%mdl 4096] Endgame KRB-KRN} 41. Re2 Kf6 42. Bd5 Na4 43. Bb3 Ra8 44. Rc2 Ra7 45. Kg2 Ra5 (45... Kg7 $142 46. f4 Nb6) 46. Rc6+ Kg7 47. Rc7+ Kh6 (47... Kh8 $142 48. Bf7 Ra6) 48. f4 Nc5 49. Bg8 {[%csl Gg8][%cal Rc7h7]} g5 50. hxg5+ {Accuracy: White = 84%, Black = 42%.} 1-0

[Event "35th European Club Cup 2019"]
[Site "Ulcinj"]
[Date "2019.11.14"]
[Round "5.9"]
[White "Plat, Vojtech"]
[Black "Alekseenko, Kirill"]
[Result "1-0"]
[WhiteElo "2570"]
[BlackElo "2715"]
[Annotator "TA"]
[PlyCount "63"]
[EventDate "2019.11.10"]
[EventType "team-tourn"]
[EventCountry "MNE"]
[SourceTitle "playchess.com"]
[Source "ChessBase"]
[SourceQuality "1"]
[WhiteTeam "Lysa nad Labem"]
[BlackTeam "Mednyi Vsadnik"]

{[%evp 10,91,21,11,36,31,26,14,18,17,51,48,53,43,60,60,61,33,34,13,4,33,6,0,12,-21,-4,-13,0,4,22,29,18,19,18,17,64,43,72,71,94,70,74,54,89,90,94,80,175,158,283,107,628,349,414,211,202,101,130,126,100,119,185,169,161,162,192,176,220,66,154,148,6215,9193,6335,5606,29972,1023,906,906,862,737,12842,5708]} 1. d4 Nf6 2. c4 e6 3. Nc3 Bb4 4. Qc2 d6 5. Nf3 O-O 6. g3 Qe7 {E32: Nimzo-Indian: Classical (4 Qc2): 4...0-0} (6... b6 7. Bg2 Bb7 8. O-O Nbd7 9. b3 Qe7 10. Bb2 Bxc3 11. Qxc3 Ne4 12. Qc2 f5 13. Rad1 Rae8 14. d5 exd5 15. cxd5 Ndf6 16. Bxf6 Rxf6 17. Rd4 Rf7 18. e3 a5 19. a3 Ba6 20. Rc1 g5 {½-½ (37) Shankland,S (2666)-Caruana,F (2817) Saint Louis 2017}) 7. Bg2 e5 8. dxe5 dxe5 {The position is equal.} 9. O-O c6 $146 ({Predecessor:} 9... Bxc3 10. Qxc3 Nc6 11. h3 h6 12. b3 Bf5 13. Bb2 Rfe8 14. Rad1 {0-1 (39) Belem,H-De Carvalho,F Fortaleza 1951}) 10. a3 Bd6 11. b4 {[%cal Bb2b4,Bb4b5][%mdl 32]} a5 12. b5 h6 13. Nd2 Be6 14. Nde4 Nbd7 15. bxc6 bxc6 16. Qa4 Rac8 17. Rb1 Nxe4 18. Nxe4 Bc7 19. Qxc6 Bb8 20. Qa4 Rxc4 21. Qxa5 Bc7 22. Qa7 Bd5 23. Nd2 Ra8 $1 {[%cal Ra8a7]} 24. Qe3 Bxg2 25. Kxg2 Rca4 26. Ne4 Qe6 27. Rd1 Qc6 {...Nf6 is the strong threat.} 28. f3 f5 (28... Nf8 $16 {is a better defense.}) 29. Qb3+ $18 Kh7 (29... Kh8 $16 {was called for.}) 30. Qb7 $2 (30. Qf7 $18 {is the precise move to win.} Rd8 31. Qxf5+ Qg6 32. Qxg6+ Kxg6 33. Rb7) 30... Qg6 $2 {[%mdl 8192]} (30... Nb8 $16) 31. Rxd7 R8a7 32. Nc3 {Played: Ne4-g5} 1-0

[Event "35th European Club Cup 2019"]
[Site "Ulcinj"]
[Date "2019.11.14"]
[Round "5.9"]
[White "Van Haastert, Edwin"]
[Black "Fejzullahu, Afrim"]
[Result "1/2-1/2"]
[WhiteElo "2439"]
[BlackElo "2201"]
[Annotator "NA"]
[PlyCount "67"]
[EventDate "2019.11.10"]
[EventType "team-tourn"]
[EventCountry "MNE"]
[SourceTitle "playchess.com"]
[Source "ChessBase"]
[SourceQuality "1"]
[WhiteTeam "LSG IntelliMagic"]
[BlackTeam "Drejtesia"]
[TimeControl "40/5400+30:1800+30"]

1. Nf3 {[%emt 0:00:00]} Nf6 {[%emt 0:00:00]} 2. c4 {[%emt 0:00:00]} g6 {[%emt 0:00:03]} 3. Nc3 {[%emt 0:00:00]} Bg7 {[%emt 0:00:06]} 4. e4 {[%emt 0:00:00]} d6 {[%emt 0:00:06]} 5. d4 {[%emt 0:00:00]} O-O {[%emt 0:00:06]} 6. Be2 {[%emt 0:00:03]} e5 {[%emt 0:00:17]} 7. O-O {[%emt 0:00:07]} Nc6 {[%emt 0:00:03]} 8. Be3 {[%emt 0:00:16]} Ng4 {[%emt 0:02:37]} 9. Bg5 {[%emt 0:00:11]} f6 {[%emt 0:00:08]} 10. Bc1 {[%emt 0:00:15]} Nh6 {[%emt 0:04:45]} 11. dxe5 {[%emt 0:02:52]} Nxe5 {[%emt 0:15:08]} 12. Nxe5 {[%emt 0:14:52]} fxe5 {[%emt 0:00:36]} 13. c5 {[%emt 0:00:07]} Be6 {[%emt 0:08:46]} 14. cxd6 {[%emt 0:02:12]} cxd6 {[%emt 0:01:36]} 15. Be3 {[%emt 0:00:30]} Nf7 {[%emt 0:02:48]} 16. Qd2 {[%emt 0:01:23]} a6 {[%emt 0:00:58]} 17. Nd5 {[%emt 0:01:52]} Bxd5 {[%emt 0:08:07]} 18. Qxd5 {[%emt 0:00:16]} Qe7 {[%emt 0:00:55]} 19. Rac1 {[%emt 0:01:24]} Kh8 {[%emt 0:05:05]} 20. Rfd1 {[%emt 0:06:18]} Rad8 {[%emt 0:05:43]} 21. Bg4 {[%emt 0:13:04]} h5 {[%emt 0:10:42]} 22. Qe6 {[%emt 0:10:19]} Rfe8 {[%emt 0:08:43]} 23. Qxe7 {[%emt 0:00:22]} Rxe7 {[%emt 0:00:06]} 24. Be2 {[%emt 0:01:12]} Bh6 {[%emt 0:00:37]} 25. Bxh6 {[%emt 0:00:20]} Nxh6 {[%emt 0:00:08]} 26. Rc3 {[%emt 0:00:08]} Kg7 {[%emt 0:01:55]} 27. a4 {[%emt 0:00:12]} Ng8 {[%emt 0:00:21]} 28. Rb3 {[%emt 0:04:00]} Rc7 {[%emt 0:00:35]} 29. Rb4 {[%emt 0:03:39]} Ne7 {[%emt 0:03:52]} 30. h4 {[%emt 0:02:56]} Nc6 {[%emt 0:01:00]} 31. Rc4 {[%emt 0:00:24]} Rf7 {[%emt 0:01:14]} 32. g3 {[%emt 0:03:53]} Nd4 {[%emt 0:02:04]} 33. Rd2 {[%emt 0:02:22]} b5 {[%emt 0:06:12]} 34. axb5 {[%emt 0:01:08]} 1/2-1/2

[Event "35th European Club Cup 2019"]
[Site "Ulcinj"]
[Date "2019.11.14"]
[Round "5.9"]
[White "Lisko, Frantisek"]
[Black "Sokolov, Andrei"]
[Result "0-1"]
[WhiteElo "2274"]
[BlackElo "2497"]
[Annotator "ChessBase"]
[PlyCount "70"]
[EventDate "2019.11.10"]
[EventType "team-tourn"]
[EventCountry "MNE"]
[SourceTitle "playchess.com"]
[Source "ChessBase"]
[SourceQuality "1"]
[WhiteTeam "Inbest Dunajov"]
[BlackTeam "Mulhouse"]
[TimeControl "40/5400+30:1800+30"]

1. d4 Nf6 2. c4 e6 3. Nc3 Bb4 4. e3 O-O 5. Bd3 d5 6. a3 Bxc3+ 7. bxc3 b6 8. cxd5 Qxd5 9. Nf3 Ba6 10. Bxa6 Nxa6 11. O-O c5 12. Qa4 Qb7 13. c4 Rac8 14. Bb2 cxd4 15. exd4 Ne4 16. Rab1 Nb8 17. Rfe1 Nd7 18. d5 Ndc5 19. Qd1 Rcd8 20. Qd4 f6 21. Rxe4 Nxe4 22. Qxe4 exd5 23. cxd5 Qxd5 24. Qxd5+ Rxd5 25. Bd4 Rfd8 26. Rb4 Ra5 27. Rb3 Ra4 28. Rd3 g5 29. h3 f5 30. g4 fxg4 31. hxg4 h5 32. Re3 hxg4 33. Re5 gxf3 34. Rxg5+ Kh7 35. Bb2 Rg8 0-1

[Event "35th European Club Cup 2019"]
[Site "Ulcinj"]
[Date "2019.11.14"]
[Round "5.10"]
[White "Fedoseev, Vladimir"]
[Black "Nabaty, Tamir"]
[Result "1/2-1/2"]
[WhiteElo "2672"]
[BlackElo "2639"]
[Annotator "TA"]
[PlyCount "200"]
[EventDate "2019.11.10"]
[EventType "team-tourn"]
[EventCountry "MNE"]
[SourceTitle "playchess.com"]
[Source "ChessBase"]
[SourceQuality "1"]
[WhiteTeam "Mednyi Vsadnik"]
[BlackTeam "Lysa nad Labem"]

{[%evp 9,200,31,31,8,12,14,28,9,12,10,35,0,0,-13,-16,-8,0,-10,-2,-3,0,0,0,0,0,0,0,-18,-15,-16,-15,-34,-20,-51,-29,-53,-37,-91,-61,-51,-44,-70,-75,-75,-57,-70,-66,-65,-63,-69,-27,-60,0,0,0,0,0,0,0,-14,-13,-23,0,0,0,0,0,0,0,0,0,0,0,0,0,0,0,0,0,0,0,0,0,0,0,0,0,0,0,0,0,0,0,0,0,0,0,0,0,0,0,0,0,0,0,-31,-31,-31,0,0,0,0,0,-31,0,0,0,0,0,0,0,0,0,0,0,0,0,0,0,0,0,0,0,0,0,0,0,0,0,0,0,0,0,0,0,0,0,0,0,0,0,0,0,0,0,0,0,0,0,0,0,0,0,0,0,0,0,0,0,0,0,0,0,0,0,0,0,0,0,0,0,0,0,0,0,0,0,0,0,0,0,-47,-54]} 1. d4 d5 2. c4 dxc4 3. Nf3 e6 4. e3 c5 (4... Nf6 5. Bxc4 c5 6. O-O a6 7. Nc3 b5 8. Be2 Bb7 9. dxc5 Bxc5 10. Qxd8+ Kxd8 11. Bd2 Ke7 12. Rfc1 Nbd7 13. Ne1 Rac8 14. Nd3 Bd6 15. f3 Rhd8 16. Nd1 Nc5 17. Ba5 Re8 18. N1f2 Nfd7 {½-½ (35) Karjakin,S (2750)-Inarkiev,E (2682) Nazran 2019}) 5. Bxc4 cxd4 6. Qxd4 {D21: Queen's Gambit Accepted: 3 Nf3 sidelines} (6. exd4 {with more complications.} Bd6 7. Nc3 Nf6 8. Bg5 O-O 9. O-O) 6... Qxd4 7. Nxd4 a6 8. Be2 $146 {White has an edge.} ({Predecessor:} 8. O-O Nf6 9. Be2 Bc5 10. Nc3 b5 11. Bf3 Ra7 12. Nb3 Be7 13. e4 Nc6 14. Be3 Rd7 15. Bc5 Bxc5 16. Nxc5 Rd2 {0-1 (69) Zhao,S (2186)-Huang,Q (2440) China 2018}) 8... e5 9. Nb3 Nc6 10. Nc3 Be6 11. O-O Nf6 12. Bd2 Bb4 13. Rfd1 Ke7 14. Na4 Bxb3 15. axb3 Bxd2 16. Rxd2 Rhd8 17. Rc2 Rac8 18. Rac1 Nd5 19. Rc5 Ndb4 20. Nb6 Rb8 21. Rb1 Rd2 22. Kf1 Rbd8 23. Rc3 (23. Rc4 $15) 23... e4 24. g4 g6 25. Nc4 Na2 26. Nxd2 Nxc3 27. bxc3 Rxd2 $17 {[%mdl 4096] Endgame KRB-KRN} 28. b4 Ne5 29. c4 Ke6 30. b5 Nd7 ({Black should play} 30... a5 $15 31. c5 Nf3) 31. bxa6 $11 bxa6 {[#]} 32. c5 $1 {[%mdl 512]} Nxc5 33. Rc1 Kd5 34. Bc4+ Ke5 35. Ra1 Rc2 (35... Rd7 {keeps more tension.} 36. Ke2 Ra7 37. Rd1 Nd3 38. f4+ Kd6) 36. Bxa6 f5 37. gxf5 gxf5 38. Be2 Ne6 39. Ra5+ Rc5 40. f4+ Kd6 41. Ra6+ Ke7 42. Ra7+ Nc7 43. Ke1 Kd6 44. Kd2 Rd5+ 45. Kc3 Rc5+ 46. Kd2 Rc6 47. Rb7 Kc5 48. h4 Rd6+ 49. Ke1 Nd5 50. Kf2 Rb6 51. Rxh7 Rb3 52. Rf7 Rxe3 53. Rxf5 Rh3 54. Bg4 Rxh4 55. Kg3 Rh1 56. Re5 Rg1+ 57. Kf2 Rxg4 58. Rxe4 $15 {KRN-KR} Nc3 59. Kf3 {[#] Threatens to win with Re5+.} Rg1 (59... Rh4 {is more complex.} 60. Re6 Kd5 61. Ra6 Nb5 62. Ra5 Kc4) 60. Re6 Kd5 61. Re5+ Kd4 62. Ra5 Rf1+ 63. Kg4 Ke3 64. Kf5 Rxf4+ 65. Ke6 Rh4 66. Ra8 Ke4 67. Rf8 Rh1 68. Kd6 Kd4 69. Ke6 Re1+ 70. Kd6 Nb5+ 71. Kc6 Kc4 72. Rf6 Ra1 {( -> ...Ra6+)} 73. Rf4+ Nd4+ 74. Kd6 Ra6+ 75. Ke7 Kd5 76. Rf1 Re6+ 77. Kf7 Re2 78. Kf6 Ke4 79. Ra1 Nb3 80. Ra4+ Kd5 81. Rf4 Nc5 82. Rf5+ Kd6 83. Kg5 Re4 84. Rf1 $1 Ne6+ 85. Kf5 Kd5 86. Kf6 Nd4 87. Kf7 Ke5 88. Ke7 Rh4 89. Re1+ Kd5 90. Rd1 Rf4 91. Rd2 Rf1 92. Rd3 Rf2 93. Rd1 Rf3 94. Rd2 Ke5 95. Rd1 Nc2 96. Rh1 Ne3 97. Rh5+ Nf5+ 98. Kd7 Rf1 99. Rh2 Rd1+ 100. Kc7 Rc1+ {Accuracy: White = 69%, Black = 69%.} 1/2-1/2

[Event "35th European Club Cup 2019"]
[Site "Ulcinj"]
[Date "2019.11.14"]
[Round "5.10"]
[White "Rudolf, Henrik"]
[Black "Popov, Ivan"]
[Result "0-1"]
[WhiteElo "2319"]
[BlackElo "2625"]
[Annotator "TA"]
[PlyCount "68"]
[EventDate "2019.11.10"]
[EventType "team-tourn"]
[EventCountry "MNE"]
[SourceTitle "playchess.com"]
[Source "ChessBase"]
[SourceQuality "1"]
[WhiteTeam "Berlin"]
[BlackTeam "Moscow Chess Team"]

{[%evp 10,82,19,13,20,16,21,14,45,31,25,0,0,0,0,-43,-8,-101,-92,-92,-93,-128,-131,-79,-68,-85,-62,-63,-70,-108,-101,-103,-99,-127,-95,-97,-97,-93,-103,-101,-106,-116,-105,-110,-103,-133,-48,-71,-52,-69,-60,-60,-70,-62,-68,-100,-94,-90,-108,-112,-56,-74,-48,-53,0,-70,-45,-44,-38,-270,-256,-29976,-5365,-1403,-1717]} 1. e4 c6 2. d4 d5 3. e5 Bf5 4. Nd2 e6 5. Nb3 Nd7 6. Nf3 Ne7 {B12: Caro-Kann: Advance Variation} 7. Be2 h6 8. O-O Qc7 {The position is equal.} 9. Bd2 g5 10. Bb4 (10. a4 {is interesting.} a5 11. c3 Bg7 12. Ne1 O-O-O 13. f4) 10... Ng6 11. Bxf8 Rxf8 12. Re1 $146 ({Predecessor:} 12. Ne1 Ne7 13. Bd3 c5 14. Bxf5 Nxf5 {½-½ (49) Dominguez Perez,L (2739)-Riazantsev,A (2671) Doha 2016}) 12... O-O-O (12... g4 $5 {[%cal Rg4f3]} 13. Nfd2 h5 $11) 13. c3 (13. Bd3 $11) 13... g4 14. Nfd2 h5 15. Nf1 f6 16. exf6 Rxf6 17. Ng3 Nf4 18. Nxf5 Rxf5 19. Bd3 Rf6 (19... Nxd3 $6 20. Qxd3 Rdf8 21. Rxe6 $11) 20. Rc1 Rg8 {And now ...Nh3+! would win.} (20... Nxd3 $6 21. Qxd3 h4 22. Qe3 $11) 21. Re3 h4 $1 {aiming for ...Nh3+!} ({Much weaker is} 21... Nxd3 $6 22. Qxd3 Rgf8 23. Rf1 $11) 22. Rc2 h3 ({Of course not} 22... Nxd3 23. Qxd3 Qf4 24. Rce2 $11) 23. g3 Ng2 $1 {[%cal Rg2e3]} ({Reject} 23... Nxd3 24. Qxd3 Qd6 25. Rce2 $11) 24. Ree2 {[#]} e5 $1 25. dxe5 Nxe5 26. Nd4 Nf3+ 27. Kh1 {[#] Black must now prevent Bf5+.} Nf4 (27... Kb8 $1 $17 28. Nf5 Ne5) 28. Re3 {White wants to play Bf5+.} Nxd4 29. cxd4 Nxd3 30. Qxd3 Rgf8 31. Kg1 Qf7 {[%cal Rf6f2]} 32. Qf1 Re6 33. Rce2 Rxe3 34. Rxe3 $17 {[%mdl 4096] Endgame KQR-KQR} Re8 {Played: Qf7-f6} 0-1

[Event "35th European Club Cup 2019"]
[Site "Ulcinj"]
[Date "2019.11.14"]
[Round "5.10"]
[White "Papadiamandis, Elliot"]
[Black "Kantorik, Marian"]
[Result "1/2-1/2"]
[WhiteElo "2220"]
[BlackElo "2181"]
[Annotator "NA"]
[PlyCount "73"]
[EventDate "2019.11.10"]
[EventType "team-tourn"]
[EventCountry "MNE"]
[SourceTitle "playchess.com"]
[Source "ChessBase"]
[SourceQuality "1"]
[WhiteTeam "Mulhouse"]
[BlackTeam "Inbest Dunajov"]
[TimeControl "40/5400+30:1800+30"]

1. e4 {[%emt 0:00:00]} e6 {[%emt 0:00:00]} 2. d4 {[%emt 0:00:00]} d5 {[%emt 0:00:00]} 3. Nd2 {[%emt 0:00:15]} Nc6 {[%emt 0:00:06]} 4. Ngf3 {[%emt 0:00:24]} Nf6 {[%emt 0:00:10]} 5. e5 {[%emt 0:00:46]} Nd7 {[%emt 0:00:05]} 6. c3 {[%emt 0:00:28]} f6 {[%emt 0:00:07]} 7. exf6 {[%emt 0:00:27]} Qxf6 {[%emt 0:00:10]} 8. Bb5 {[%emt 0:01:24]} Bd6 {[%emt 0:01:21]} 9. O-O {[%emt 0:01:12]} O-O {[%emt 0:00:28]} 10. Nb3 {[%emt 0:00:57]} h6 {[%emt 0:04:09]} 11. Qe2 {[%emt 0:09:45]} e5 {[%emt 0:06:53]} 12. Bxc6 bxc6 13. dxe5 {[%emt 0:03:21]} Nxe5 {[%emt 0:00:36]} 14. Nxe5 {[%emt 0:01:04]} Bxe5 {[%emt 0:00:10]} 15. Be3 {[%emt 0:05:29]} a5 {[%emt 0:02:04]} 16. Nc5 {[%emt 0:05:26]} a4 {[%emt 0:02:32]} 17. a3 {[%emt 0:04:13]} Bd6 {[%emt 0:04:55]} 18. Qh5 {[%emt 0:02:07]} Qe7 {[%emt 0:15:41]} 19. Nd3 {[%emt 0:05:28]} Ba6 {[%emt 0:00:47]} 20. Rfd1 {[%emt 0:01:32]} Bxd3 {[%emt 0:07:17]} 21. Rxd3 {[%emt 0:00:31]} Rab8 {[%emt 0:00:49]} 22. Rd2 {[%emt 0:02:54]} Qe4 {[%emt 0:09:40]} 23. h3 {[%emt 0:07:01]} Qe6 {[%emt 0:14:51]} 24. Re1 {[%emt 0:02:42]} Rbe8 {[%emt 0:03:45]} 25. Rde2 {[%emt 0:03:21]} Qf7 {[%emt 0:00:29]} 26. Qxf7+ {[%emt 0:04:46]} Kxf7 {[%emt 0:00:05]} 27. Bc1 {[%emt 0:03:56]} c5 {[%emt 0:05:27]} 28. Rxe8 {[%emt 0:01:36]} Rxe8 {[%emt 0:00:05]} 29. Rxe8 {[%emt 0:00:23]} Kxe8 {[%emt 0:00:05]} 30. Kf1 {[%emt 0:00:35]} Kd7 {[%emt 0:00:14]} 31. Ke2 {[%emt 0:02:42]} c4 {[%emt 0:05:54]} 32. f4 {[%emt 0:03:06]} h5 {[%emt 0:02:23]} 33. Kf3 {[%emt 0:03:21]} Ke6 {[%emt 0:01:02]} 34. Be3 {[%emt 0:01:43]} g6 {[%emt 0:01:41]} 35. g4 {[%emt 0:00:29]} hxg4+ {[%emt 0:00:44]} 36. Kxg4 {[%emt 0:03:50]} Be7 {[%emt 0:00:23]} 37. Bf2 {[%emt 0:01:14] Ke5} 1/2-1/2

[Event "35th European Club Cup 2019"]
[Site "Ulcinj"]
[Date "2019.11.14"]
[Round "5.10"]
[White "Zymberi, Astrit"]
[Black "De Jong, Jan-Willem"]
[Result "0-1"]
[WhiteElo "2148"]
[BlackElo "2446"]
[Annotator "NA"]
[PlyCount "64"]
[EventDate "2019.11.10"]
[EventType "team-tourn"]
[EventCountry "MNE"]
[SourceTitle "playchess.com"]
[Source "ChessBase"]
[SourceQuality "1"]
[WhiteTeam "Drejtesia"]
[BlackTeam "LSG IntelliMagic"]
[TimeControl "40/5400+30:1800+30"]

1. d4 {[%emt 0:00:00]} Nf6 {[%emt 0:00:00]} 2. c4 {[%emt 0:00:00]} e6 {[%emt 0:00:12]} 3. Nc3 {[%emt 0:00:06]} Bb4 {[%emt 0:00:19]} 4. e3 {[%emt 0:01:51]} O-O {[%emt 0:00:33]} 5. Nge2 {[%emt 0:00:18]} Re8 {[%emt 0:01:27]} 6. a3 {[%emt 0:00:44]} Bf8 {[%emt 0:00:07]} 7. d5 {[%emt 0:01:12]} a5 {[%emt 0:01:04]} 8. Ng3 {[%emt 0:02:05]} Na6 {[%emt 0:00:47]} 9. Be2 {[%emt 0:02:01]} Nc5 {[%emt 0:00:49]} 10. b3 {[%emt 0:01:56]} a4 {[%emt 0:05:33]} 11. bxa4 {[%emt 0:06:48]} d6 {[%emt 0:03:35]} 12. O-O {[%emt 0:04:52]} g6 {[%emt 0:16:08]} 13. Rb1 {[%emt 0:06:40]} Bg7 {[%emt 0:01:27]} 14. dxe6 {[%emt 0:18:18]} Bxe6 {[%emt 0:04:28]} 15. e4 {[%emt 0:03:45]} Bd7 {[%emt 0:04:30]} 16. f3 {[%emt 0:06:42]} Nxa4 {[%emt 0:06:07]} 17. Nxa4 {[%emt 0:01:48]} Bxa4 {[%emt 0:00:20]} 18. Qd2 {[%emt 0:04:30]} b6 {[%emt 0:01:32]} 19. Bb2 {[%emt 0:05:23]} Bc6 {[%emt 0:04:07]} 20. Bd3 {[%emt 0:07:53]} Nd7 {[%emt 0:13:24]} 21. Bxg7 {[%emt 0:03:00]} Kxg7 {[%emt 0:00:05]} 22. f4 {[%emt 0:01:40]} Qf6 {[%emt 0:04:50]} 23. e5 dxe5 {[%emt 0:01:28]} 24. f5 {[%emt 0:07:39]} Qh4 {[%emt 0:06:44]} 25. fxg6 {[%emt 0:09:12]} hxg6 {[%emt 0:05:28]} 26. c5 {[%emt 0:01:29]} Rh8 {[%emt 0:02:48]} 27. Be4 {[%emt 0:03:00]} Rxa3 {[%emt 0:05:35]} 28. Rf3 {[%emt 0:00:33]} Rxf3 {[%emt 0:04:06]} 29. gxf3 {[%emt 0:00:26]} Bxe4 {[%emt 0:00:16]} 30. Nxe4 {[%emt 0:00:32]} Nxc5 {[%emt 0:00:21]} 31. Nxc5 {[%emt 0:00:28]} bxc5 {[%emt 0:00:06]} 32. Rd1 {[%emt 0:00:10]} Qd4+ {[%emt 0:02:41]} 0-1